Statistics for Country Triplets in alphabetical order belonging to same Continent

Click here to take the quiz!

General Stats

  • This quiz has been taken 82 times
  • The average score is 14 of 29

Answer Stats

Country% Correct
India
77%
Iran
77%
Iraq
77%
Indonesia
75%
Kazakhstan
64%
Japan
57%
Kuwait
57%
Kyrgyzstan
55%
Saint Kitts and Nevis
55%
Saint Lucia
55%
Saint Vincent and the Grenadines
55%
Jordan
54%
Chad
50%
Laos
50%
Central African Republic
48%
Liberia
48%
Libya
48%
Lesotho
46%
Lithuania
34%
Luxembourg
34%
Mozambique
34%
Liechtenstein
32%
Morocco
32%
Tajikistan
32%
Cape Verde
29%
Macedonia
27%
Taiwan
25%
Namibia
23%
Syria
20%

Score Distribution

Percentile by Number Answered

Percent of People with Each Score

Your Score History

You have not taken this quiz